|
|
|
|
| LEADER |
00000nam0a2200000 4500 |
| 001 |
319099 |
| 005 |
20260407142136.0 |
| 010 |
|
|
|a 9785699879342
|
| 035 |
|
|
|a (RuTPU)RU\TPU\book\344604
|
| 090 |
|
|
|a 319099
|
| 100 |
|
|
|a 20160519d2016 m y0rusy50 ca
|
| 101 |
0 |
|
|a rus
|
| 102 |
|
|
|a RU
|
| 105 |
|
|
|a a z 000ay
|
| 200 |
1 |
|
|a Вселенский заговор. Вечное свидание
|e [18+]
|e [НЕЗАКОННОЕ ПОТРЕБЛЕНИЕ НАРКОТИЧЕСКИХ СРЕДСТВ, ПСИХОТРОПНЫХ ВЕЩЕСТВ, ИХ АНАЛОГОВ ПРИЧИНЯЕТ ВРЕД ЗДОРОВЬЮ, ИХ НЕЗАКОННЫЙ ОБОРОТ ЗАПРЕЩЁН И ВЛЕЧЕТ УСТАНОВЛЕННУЮ ЗАКОНОДАТЕЛЬСТВОМ ОТВЕТСТВЕННОСТЬ]
|e повести
|f Т. В. Устинова
|
| 210 |
|
|
|a Москва
|c Э
|d 2016
|
| 215 |
|
|
|a 346 с.
|
| 225 |
1 |
|
|a Татьяна Устинова. Первая среди лучших
|
| 330 |
|
|
|a ...Конец света близок, грядет нашествие грозных инопланетных цивилизаций, и изменить уже ничего нельзя. Нет, это не реклама нового фантастического блокбастера, а часть научно-популярного фильма в планетарии, на который Гриша в прекрасный летний день потащил Марусю....Конца света не случилось, однако в коридоре планетария найден труп. А самое ужасное, Маруся и ее друг детства Гриша только что беседовали с уфологом Юрием Федоровичем. Он был жив и здоров и предостерегал человечество от страшной катастрофы.Маруся — девица двадцати четырех лет от роду, преподаватель французского — живет очень скучно. Всего-то и развлечений в ее жизни — тяга к детективным расследованиям. Маруся с Гришей начинают «расследовать»!.. На пути этого самого «следования» им попадутся хорошие люди и не очень, произойдут странные события и непонятные случайности. Вдвоем с Гришей они установят истину — уфолога убили, и вовсе не инопланетные пришельцы...
|
| 606 |
1 |
|
|a Русская литература современная
|2 stltpush
|3 (RuTPU)RU\TPU\subj\26373
|9 50316
|
| 610 |
1 |
|
|a детективы
|
| 610 |
1 |
|
|a приключения
|
| 610 |
1 |
|
|a повести
|
| 675 |
|
|
|a Р2
|v 4
|
| 700 |
|
1 |
|a Устинова
|b Т. В.
|g Татьяна Витальевна
|
| 801 |
|
1 |
|a RU
|b 63413507
|c 20160519
|
| 801 |
|
2 |
|a RU
|b 63413507
|c 20220901
|g RCR
|
| 830 |
|
|
|a *изданиеподлежащеемаркировке
|
| 942 |
|
|
|c BK
|